[Event "Reykjavik op"]
[Site "Reykjavik"]
[Date "2017.04.27"]
[Round "10"]
[White "Kristofersson, Sindri Snaer"]
[Black "Sidali, Elias Hulleberg"]
[Result "0-1"]
[WhiteElo "1197"]
[BlackElo "1724"]
[PlyCount "70"]
[EventDate "2017.04.19"]
[EventType "swiss"]
[EventRounds "10"]
[EventCountry "ISL"]
[SourceTitle "CBM 178 Extra"]
[Source "ChessBase"]
[SourceDate "2017.06.22"]
[SourceVersion "1"]
[SourceVersionDate "2017.06.22"]
[SourceQuality "1"]

1. d4 Nf6 2. c4 g6 3. Nc3 Bg7 4. e4 d6 5. Nf3 0-0 6. Bd3 Nbd7 7. 0-0 e5 8. Be3 a5 9. d5 b6 10. Qe2 Nc5 11. Bxc5 bxc5 12. h3 Nh5 13. Qd2 Nf4 14. Ne2 Nxd3 15. Qxd3 f5 16. exf5 Bxf5 17. Qd2 Bxh3 18. gxh3 Rxf3 19. Ng3 Qh4 20. Kg2 Rf7 21. Rae1 Qxc4 22. b3 Qd4 23. Qxd4 cxd4 24. Rd1 a4 25. Rd3 axb3 26. axb3 Ra5 27. Ne4 h6 28. Rc1 Rxd5 29. Nd2 Rc5 30. Re1 Rc2 31. Rf1 Bf6 32. Ne4 Bh4 33. Ng3 c5 34. Rf3 Rxf3 35. Kxf3 Rc3+ 0-1

[Event "Reykjavik op"]
[Site "Reykjavik"]
[Date "2017.04.20"]
[Round "2"]
[White "Kristofersson, Sindri Snaer"]
[Black "Mai, Alexander Oliver"]
[Result "0-1"]
[WhiteElo "1197"]
[BlackElo "1813"]
[PlyCount "48"]
[EventDate "2017.04.19"]
[EventType "swiss"]
[EventRounds "10"]
[EventCountry "ISL"]
[SourceTitle "CBM 178 Extra"]
[Source "ChessBase"]
[SourceDate "2017.06.22"]
[SourceVersion "1"]
[SourceVersionDate "2017.06.22"]
[SourceQuality "1"]

1. d4 Nf6 2. c4 g6 3. Nc3 Bg7 4. e4 d6 5. Nf3 0-0 6. Be2 e5 7. d5 a5 8. 0-0 Na6 9. Be3 b6 10. h3 Nc5 11. Bxc5 bxc5 12. Qc2 Nh5 13. Bd1 Nf4 14. Ne2 Nxe2+ 15. Bxe2 f5 16. Bd3 f4 17. Rac1 g5 18. Qd2 h5 19. Be2 g4 20. hxg4 hxg4 21. Ne1 Qh4 22. g3 Qh5 23. Rc3 f3 24. Bd1 Rf6 0-1

[Event "Reykjavik op"]
[Site "Reykjavik"]
[Date "2016.03.12"]
[Round "6"]
[White "Kristofersson, Sindri Snaer"]
[Black "Halldorsson, Haukur"]
[Result "0-1"]
[WhiteElo "1212"]
[BlackElo "1570"]
[PlyCount "66"]
[EventDate "2016.03.08"]
[EventType "swiss"]
[EventRounds "10"]
[EventCountry "ISL"]
[SourceTitle "CBM 171 Extra"]
[Source "ChessBase"]
[SourceDate "2016.04.26"]
[SourceVersion "1"]
[SourceVersionDate "2016.04.26"]
[SourceQuality "1"]

1. d4 d5 2. c4 c6 3. Nc3 Nf6 4. Bg5 e6 5. e3 h6 6. Bh4 Be7 7. a4 0-0 8. Nf3 Nbd7 9. Be2 dxc4 10. Bxc4 Nd5 11. Bxe7 Qxe7 12. Nxd5 exd5 13. Bd3 Re8 14. 0-0 Nf8 15. h3 Qf6 16. Re1 Bf5 17. Bxf5 Qxf5 18. Rc1 Ng6 19. Qb3 Re7 20. Qb4 Rae8 21. Nd2 Nf4 22. e4 dxe4 23. Nc4 Nd3 24. Nd6 Qxf2+ 25. Kh1 Nxb4 26. Rf1 Qxd4 27. Nxe8 Rxe8 28. b3 Nd3 29. Rc2 e3 30. Rc4 e2 31. Re1 Qf2 32. Rb1 e1Q+ 33. Rxe1 Rxe1+ 0-1

[Event "Reykjavik op"]
[Site "Reykjavik"]
[Date "2015.03.13"]
[Round "5"]
[White "Kristofersson, Sindri Snaer"]
[Black "Kruglyak, Mikhail"]
[Result "0-1"]
[WhiteElo "1224"]
[BlackElo "1775"]
[PlyCount "52"]
[EventDate "2015.03.10"]
[EventType "swiss"]
[EventRounds "10"]
[EventCountry "ISL"]
[SourceTitle "CBM 165 Extra"]
[Source "ChessBase"]
[SourceDate "2015.04.21"]
[SourceVersion "1"]
[SourceVersionDate "2015.04.21"]
[SourceQuality "1"]

1. d4 Nf6 2. Nd2 d5 3. Ngf3 Bf5 4. e3 e6 5. c3 c5 6. Be2 Bd6 7. 0-0 Qc7 8. h3 c4 9. Re1 Nc6 10. Nf1 b5 11. Ng3 Bxg3 12. fxg3 Qxg3 13. b3 Bxh3 14. Bf1 Ne4 15. Qc2 Bf5 16. Qb2 0-0 17. Bd2 h5 18. Re2 g6 19. Be1 Qd6 20. Rb1 Rab8 21. Rd1 Kg7 22. Bh4 f6 23. a3 Rh8 24. Nd2 g5 25. Nxe4 Bxe4 26. Bf2 h4 0-1